LEADER 00508nam 2200205zu 450 001 9911061763503321 005 20260204174800.0 035 $a(CKB)45195731800041 035 $a(EXLCZ)9945195731800041 100 $a20260204|2018uuuu || | 101 0 $aita 135 $aur||||||||||| 200 10$aZoologia 210 $cUTET Università$d2018 311 08$a88-6008-719-8 700 $aCasiraghi$b Maurizio$0798453 906 $aBOOK 912 $a9911061763503321 996 $aZoologia$94537380 997 $aUNINA